La concepción educativa de la campaña.

Gardado en:
Detalles Bibliográficos
Autor Corporativo: Ecuador. Ministerio de Educación y Cultura
Formato: Libro
Idioma:Lingua castelá
Series:(La dimensión pedagógica de la alfabetización; 6)
Temas:
Etiquetas: Engadir etiqueta
Sen Etiquetas, Sexa o primeiro en etiquetar este rexistro!

MARC

LEADER 00000nam^a2200000^u^4500
001 000500353
005 20250521000000.0
008 071204s1000^^^^^^^^^^^^r^^^^^000^0^spa^d
009 20260310125740.956
035 |a FCE 000044440 
037 |a Acervo ITESO - Biblioteca 
041 |a spa 
082 0 4 |a 374.01209866  |b MINi 6 
110 |a Ecuador. Ministerio de Educación y Cultura 
245 1 0 |a La concepción educativa de la campaña. 
264 |a Ecuador:  |b Don Bosco,  |c 1989. 
300 |a 23 p. 
336 |a texto  |b txt  |2 rdacontenido 
337 |a sin mediación  |b n  |2 rdamedio 
338 |a volumen  |b nc  |2 rdasoporte 
440 1 |a (La dimensión pedagógica de la alfabetización; 6) 
596 |a Ecuador ponle tu nombre. Campaña Nacional de Alfabetización Monseñor Leonidas Proaño. 
649 |a XX 
650 |a Alfabetización 
650 |a Campaña de alfabetización 
650 |a Objetivos 
650 |a Pedagogía 
910 |a Fondo Centro de Estudios Educativos 
920 |a Impresos - Libros 
930 |a Fondos Especiales 
905 |a 133 
901 |a ALE051575  |b IT2  |c CEE  |u 20250521 
902 |a https://opac.biblio.iteso.mx/vufind/Record/000500353